[Event "Komercni Banka op"]
[Site "Pardubice"]
[Date "1996.??.??"]
[Round "3"]
[White "Shtyrenkov, Veniamen"]
[Black "Myc, Marcin"]
[Result "1/2-1/2"]
[WhiteElo "2450"]
[BlackElo "2315"]

1.d4 d5 2.c4 Nc6 3.cxd5 Qxd5 4.e3 e5 5.Nc3 Bb4 6.Bd2 Bxc3 7.bxc3 Qd6 8.Ne2 Nf6
9.Ng3 h5 10.Qc2 h4 11.Ne4 Nxe4 12.Qxe4 f5 13.Qc2 Be6 14.Bd3 g6 15.O-O h3
16.g3 O-O-O 17.Rfd1 Qd5 18.e4 fxe4 19.Bxe4 Bf5 20.Bxd5 Bxc2 21.Be6+ Kb8 22.Rdc1 Bf5
23.Bxf5 gxf5 24.Bg5 Rd6 25.Be3 exd4 26.cxd4 Nxd4 27.Bxd4 Rxd4 28.Rc5 Rhd8
29.Kf1 R8d5 30.Rxd5 Rxd5 31.Ke2 b5 32.f3 c5 33.g4 f4 34.Rg1 Re5+ 35.Kd2 Rd5+
36.Kc2 Re5 37.Kd2 Rd5+ 38.Kc2 Re5 39.Kd2 Rd5+  1/2-1/2

[Event "Komercni Banka op"]
[Site "Pardubice"]
[Date "1996.??.??"]
[Round "4"]
[White "Karhanec, Pavel"]
[Black "Maier, Alexander"]
[Result "0-1"]
[WhiteElo "2110"]
[BlackElo "2320"]

1.d4 d5 2.c4 Nc6 3.cxd5 Qxd5 4.Nf3 e5 5.Nc3 Bb4 6.Bd2 Bxc3 7.Bxc3 e4 8.Nd2 Nf6
9.e3 O-O 10.Qc2 Re8 11.Bc4 Qh5 12.a3 Be6 13.Bxe6 Rxe6 14.Qb3 Rae8 15.Nf1 Qd5
16.Qxd5 Nxd5 17.Rc1 Nce7 18.Nd2 Nc8 19.Ke2 Nd6 20.Rhd1 Rh6 21.Nf1 f5 22.f3 f4
23.Bb4 exf3+ 24.gxf3 fxe3 25.Bxd6 cxd6 26.Re1 Nf4+ 27.Kd1 e2+ 28.Kc2 Rc8+  0-1

[Event "Paris op"]
[Site "Paris"]
[Date "1996.??.??"]
[Round "2"]
[White "Izeta Txabarri, Felix"]
[Black "Kaminski, Marcin"]
[Result "1/2-1/2"]
[WhiteElo "2470"]
[BlackElo "2525"]

1.d4 d5 2.c4 Nc6 3.cxd5 Qxd5 4.e3 e5 5.Nc3 Bb4 6.Bd2 Bxc3 7.bxc3 Qd6 8.Bd3 f5
9.Ne2 Nf6 10.Qb1 e4 11.Bc4 Bd7 12.a4 Na5 13.Ba2 Qc6 14.Qb4 b6 15.O-O Qd6
16.c4 Qxb4 17.Bxb4 Bxa4 18.Bxa5 bxa5 19.d5 Rb8 20.Nd4 Bd7 21.Bb3 a6 22.Rxa5 Bc8
23.c5 g6 24.Bc4 O-O 25.d6+ Kh8 26.dxc7 Ra8 27.Rfa1 Ne8 28.Bxa6 Bxa6 29.Rxa6 Nxc7
30.Rxa8 Rxa8 31.Rxa8+ Nxa8 32.g4 fxg4 33.Kg2 h5 34.Kg3 Kg7 35.Kf4 Kf6 36.Nb5 g5+
37.Kxe4 Ke6 38.Kd4 h4 39.e4 h3 40.e5  1/2-1/2

[Event "Paris op"]
[Site "Paris"]
[Date "1996.??.??"]
[Round "4"]
[White "Arkhangelsky, Boris"]
[Black "Kaminski, Marcin"]
[Result "1/2-1/2"]
[WhiteElo "2330"]
[BlackElo "2525"]

1.d4 d5 2.c4 Nc6 3.Nc3 dxc4 4.Nf3 Nf6 5.e4 Bg4 6.Be3 e6 7.Bxc4 Bb4 8.Qc2 O-O
9.Rd1 Bxf3 10.gxf3 Nh5 11.O-O Qh4 12.Kh1 e5 13.Rg1 exd4 14.Bg5 Qh3 15.Bf1 Qxf3+
16.Bg2 Qg4 17.Bf1 Qf3+ 18.Bg2 Qg4  1/2-1/2

[Event "Petah Tiqwa"]
[Site "Petah Tiqwa"]
[Date "1996.??.??"]
[Round "6"]
[White "Helving, Uval"]
[Black "Birnboim, Grigory"]
[Result "0-1"]
[WhiteElo "2185"]
[BlackElo "2275"]

1.d4 d5 2.c4 Nc6 3.cxd5 Qxd5 4.Nf3 e5 5.Nc3 Bb4 6.Bd2 Bxc3 7.Bxc3 e4 8.Ne5 e3
9.Nxc6 exf2+ 10.Kxf2 Qxc6 11.d5 Qg6 12.e4 Nf6 13.Bd3 Ng4+ 14.Ke2 Nxh2 15.Qg1 Ng4
16.Qc5 Nf6 17.Kf2 Kd8 18.Kg1 Qg3 19.Rf1 Re8 20.Rf3 Qd6 21.Qxd6+ cxd6 22.Bxf6+ gxf6
23.Rxh7 Ke7 24.Rh6 Bg4 25.Rf4 Rg8 26.Rhxf6 Rg7 27.Rf2 Rag8 28.R6f4 Bh3 29.Bf1 Rc8
30.R4f3 Bd7 31.Rc3 Rxc3 32.bxc3 Rg3 33.Rf3 Rg8 34.Kf2 Rc8 35.Ke2 Bg4 36.Kd2 Bxf3
37.gxf3 Rh8 38.Ke3 Rh1 39.Bc4 a6 40.f4 f6 41.Kd4 Rd1+ 42.Ke3 b5 43.Bb3 Rc1
44.c4 b4 45.Kd4 Rf1 46.Ke3 Kd7 47.Ba4+ Kc7 48.c5 Re1+ 49.Kd4 dxc5+ 50.Kxc5 Rxe4
51.f5 Rf4 52.Bc2 Rf2 53.d6+ Kd8 54.Bb3 Rxf5+ 55.Kxb4 Kd7 56.Bc4 a5+ 57.Ka4 Kxd6
58.Bb5 Kc5 59.Kxa5 Rf2 60.a4 f5 61.Ka6 f4 62.Bd3 Ra2 63.Bb5 f3 64.Kb7 f2  0-1

[Event "Plzen opJ-A"]
[Site "Plzen"]
[Date "1996.??.??"]
[Round "4"]
[White "Taus, Martin"]
[Black "Novak, Pavel"]
[Result "0-1"]
[WhiteElo "2160"]
[BlackElo "2005"]

1.d4 d5 2.c4 Nc6 3.Nf3 Bg4 4.e3 e6 5.Nc3 Bb4 6.Be2 Nf6 7.O-O O-O 8.Bd2 Bxc3
9.Bxc3 Ne4 10.Rc1 a5 11.h3 Bxf3 12.Bxf3 f5 13.Qb3 Ra7 14.Rfd1 Ne7 15.Be1 c6
16.Qa4 Nc8 17.Qc2 Ncd6 18.b3 Rf6 19.Be2 Rg6 20.Kh2 Ra8 21.Bf1 Rh6 22.f4 g5
23.g3 gxf4 24.gxf4 Qe7 25.Bg2 Kh8 26.c5 Ne8 27.Bxe4 dxe4 28.d5 exd5 29.Bc3+ Kg8
30.Rg1+ Rg6 31.Rxg6+ hxg6 32.Qg2 Qh7 33.Rg1 Kf7 34.Qg5 Rc8 35.Be5 Ra8 36.Bd6 Nf6
37.Be5 Qg7 38.Rg3 Rh8 39.Kg2 Rh5 40.Bxf6 Rxg5 41.Bxg7 Rxg3+ 42.Kxg3 Kxg7
43.Kf2 Kf6 44.h4 Ke6 45.a4 Kd7 46.Ke2 b6 47.cxb6 c5  0-1

[Event "POL-ch"]
[Site "Poland"]
[Date "1996.??.??"]
[Round "5"]
[White "Urban, Klaudiusz"]
[Black "Kaminski, Marcin"]
[Result "1/2-1/2"]
[WhiteElo "2440"]
[BlackElo "2525"]

1.d4 d5 2.c4 Nc6 3.cxd5 Qxd5 4.e3 e5 5.Nc3 Bb4 6.a3 Bxc3+ 7.bxc3 Nf6 8.c4 Qd6
9.d5 Ne7 10.a4 Qb4+ 11.Bd2 Qd6 12.Bc1 Qb4+ 13.Bd2 Qd6  1/2-1/2

[Event "POL-ch"]
[Site "Poland"]
[Date "1996.??.??"]
[Round "10"]
[White "Grabarczyk, Miroslaw"]
[Black "Kaminski, Marcin"]
[Result "1/2-1/2"]
[WhiteElo "2505"]
[BlackElo "2525"]

1.d4 d5 2.c4 Nc6 3.Nf3 Bg4 4.cxd5 Bxf3 5.gxf3 Qxd5 6.e3 e5 7.Nc3 Bb4 8.a3 Bxc3+
9.bxc3 Nge7 10.Rb1 b6 11.Rb5 Qd6 12.f4 exf4 13.e4 a6 14.Rg5 g6 15.Rg4 f5
16.Rxf4 fxe4 17.Qg4 Nf5 18.Rxe4+ Nce7 19.Bc4 O-O-O 20.Re6 Qd7 21.Qe4 Kb8
22.Bf4 Nc8 23.Qe2  1/2-1/2

[Event "CZE-ch U18"]
[Site "Prague"]
[Date "1996.??.??"]
[Round "3"]
[White "Rozmbersky, David"]
[Black "Novak, Pavel"]
[Result "1/2-1/2"]
[WhiteElo "1970"]
[BlackElo "2090"]

1.d4 d5 2.c4 Nc6 3.cxd5 Qxd5 4.e3 e5 5.Nc3 Bb4 6.a3 Bxc3+ 7.bxc3 Nf6 8.c4 Qd6
9.d5 Nb8 10.Bb2 Bg4 11.f3 Bf5 12.e4 Bc8 13.c5 Qxc5 14.Bxe5 c6 15.Qd4 Qxd4
16.Bxd4 cxd5 17.Bxf6 gxf6 18.exd5 O-O 19.Ne2 Nd7 20.Nf4 Nc5 21.Rc1 b6 22.Bb5 Bb7
23.Kf2 Rfd8 24.Rhd1 Rd6 25.Bc4 Rad8 26.Rd4 Kf8 27.Rcd1 Ne6 28.Re4 f5 29.Nxe6+ fxe6
30.Rh4 Bxd5 31.Bxd5 Rxd5 32.Re1  1/2-1/2

[Event "CZE-ch U18"]
[Site "Prague"]
[Date "1996.??.??"]
[Round "8"]
[White "Rozmbersky, David"]
[Black "Koubkova, Alena"]
[Result "1-0"]
[WhiteElo "1970"]
[BlackElo "1975"]

1.d4 d5 2.c4 Nc6 3.cxd5 Qxd5 4.e3 e5 5.Nc3 Bb4 6.a3 Bxc3+ 7.bxc3 Nf6 8.a4 O-O
9.c4 Qd8 10.Ba3 Re8 11.d5 Nb8 12.Bd3 e4 13.Bc2 Nbd7 14.Qd4 c6 15.dxc6 bxc6
16.Ne2 c5 17.Qc3 Ba6 18.Ng3 Qc7 19.O-O Qc6 20.Bb2 Ne5 21.Bb3 Nd3 22.Ba3 Ng4
23.a5 Nge5 24.Qc2 Qg6 25.Kh1 Re7 26.Rad1 Rb7 27.Ba2 Rab8 28.f4 Ng4 29.Qe2 f5
30.Rxd3 exd3 31.Qxd3 Rf7 32.Bxc5 Qc6 33.Bd4 Qa4 34.Qe2 Qxa5 35.Bb1 g6 36.e4 Qb4
37.Bd3 fxe4 38.Nxe4 Nh6 39.Nf6+ Kf8 40.Qe5 Rc8 41.Nd5 Qa3 42.Bc3 Rb7 43.Qf6+ Nf7
44.Qg7+ Ke8 45.Re1+ Kd8 46.Bf6+  1-0

[Event "CRO-ch"]
[Site "Pula"]
[Date "1996.??.??"]
[Round "?"]
[White "Martic, Zlatko"]
[Black "Bukal, Vladimir Jr"]
[Result "1-0"]
[WhiteElo "2295"]
[BlackElo "2340"]

1.d4 d5 2.c4 Nc6 3.cxd5 Qxd5 4.e3 e5 5.Nc3 Bb4 6.Bd2 Bxc3 7.bxc3 f5 8.f3 Nf6
9.Bd3 Qd6 10.Qc2 O-O 11.Ne2 Ne7 12.O-O c5 13.Rab1 b6 14.Kh1 Be6 15.dxe5 Qxe5
16.c4 Nh5 17.f4 Qc7 18.Bc3 Rad8 19.Rbd1 Qb7 20.Bb2 Bd7 21.Kg1 Bc6 22.Nc3 Rd6
23.Nd5 Bxd5 24.cxd5 Kh8 25.e4 fxe4 26.Bxe4 Qd7 27.Be5 Nf6 28.Bxd6 Qxd6 29.Bf3 Ng6
30.g3 b5 31.Rfe1 c4 32.Re6 Qa3 33.Qf2 c3 34.f5 c2 35.Qxc2 Qxf3 36.fxg6 Nxd5
37.Qe2 Qxe2 38.Rxe2 Nc3 39.Rf2 Rc8 40.Rd7 a5 41.Rc7  1-0

[Event "Raahe We RaahLi"]
[Site "Raahe"]
[Date "1996.??.??"]
[Round "4"]
[White "Mertanen, Janne"]
[Black "Tikkanen, Kari"]
[Result "1-0"]
[WhiteElo "2205"]
[BlackElo "2265"]

1.d4 d5 2.c4 Nc6 3.e3 e5 4.cxd5 Qxd5 5.Nc3 Bb4 6.Bd2 Bxc3 7.bxc3 e4 8.Ne2 Nf6
9.c4 Qd8 10.Ng3 O-O 11.Be2 Re8 12.O-O Ne7 13.Qb1 Ng6 14.Bc3 c6 15.Qb2 Qd6
16.Rfd1 b6 17.c5 Qd8 18.d5 cxd5 19.Bxf6 gxf6 20.c6 Re5 21.Qc3 Qd6 22.f4 exf3
23.gxf3 Qc5 24.Qxc5 bxc5 25.Rab1 Nf8 26.f4 Rxe3 27.Rxd5 Ne6 28.Kf2 Nc7 29.Rxc5 Ra3
30.Rb2 Kf8 31.Bf3 Be6 32.Rcc2 f5 33.Ne2 Ke7 34.Nd4 Rc8 35.Nxe6 Nxe6 36.Rd2 Rc7
37.Rb7 Kf6 38.Rxc7 Nxc7 39.Rd6+ Ne6 40.c7 Rxa2+ 41.Kg3 Ke7 42.c8=Q Kxd6 43.Qc6+ Ke7
44.Qd5 Ra4 45.Bh5 Rxf4 46.Qb7+ Kf6 47.Qxf7+ Ke5 48.Qxa7 Rc4 49.Qxh7 Rc3+
50.Kf2 Rc2+ 51.Kf1 Rxh2 52.Qh8+ Kd6 53.Qb8+ Nc7 54.Qd8+ Kc6 55.Bf3+ Kb6 56.Qb8+ Ka6
57.Qb7+  1-0

[Event "Reykjavik op"]
[Site "Reykjavik"]
[Date "1996.??.??"]
[Round "2"]
[White "Lyrberg, Patrik"]
[Black "Conquest, Stuart"]
[Result "0-1"]
[WhiteElo "2425"]
[BlackElo "2540"]

1.d4 d5 2.c4 Nc6 3.Nf3 Bg4 4.Nc3 Bxf3 5.exf3 e6 6.Be3 Nge7 7.Qb3 a6 8.Qxb7 dxc4
9.Bxc4 Rb8 10.Qxa6 Rb6 11.Qa3 Nf5 12.Qa4 Bd6 13.Bb5 O-O 14.O-O Ncxd4 15.Bxd4 Nxd4
16.Rad1 c5 17.Rd3 Nxb5 18.Nxb5 Bxh2+  0-1

[Event "Santa Clara"]
[Site "Santa Clara"]
[Date "1996.??.??"]
[Round "11"]
[White "Matamoros Franco, Carlos S"]
[Black "Arencibia, Walter"]
[Result "1/2-1/2"]
[WhiteElo "2430"]
[BlackElo "2515"]

1.d4 d5 2.c4 Nc6 3.Nf3 e5 4.dxe5 Bb4+ 5.Bd2 dxc4 6.e3 Be6 7.Qa4 Bxd2+ 8.Nbxd2 a6
9.Nd4 b5 10.Nxc6 Qd7 11.Nb8 Qc8 12.Qc2 Qxb8 13.b3 c5 14.bxc4 Qxe5 15.Rd1 b4
16.Qe4 Qxe4 17.Nxe4 Nf6 18.Nxc5 a5 19.Bd3 Ke7 20.Ke2 Bxc4 21.Bxc4 Rac8 22.Nb7 Rxc4
23.Nxa5 Rc2+ 24.Kf3 Ra8 25.Nb3 Raxa2 26.Rhf1 Rc4 27.Rc1 Rc3 28.Rxc3 bxc3
29.Rc1 Nd5 30.Nd4 Kf6 31.e4 Rd2 32.exd5 Rxd4 33.Rxc3  1/2-1/2

[Event "Sarospatak op"]
[Site "Sarospatak"]
[Date "1996.??.??"]
[Round "?"]
[White "Juhasz, Bela"]
[Black "Mester, Gyula"]
[Result "1-0"]
[WhiteElo "2220"]
[BlackElo "2360"]

1.d4 d5 2.c4 Nc6 3.Nf3 Bg4 4.cxd5 Bxf3 5.gxf3 Qxd5 6.e3 e5 7.Nc3 Bb4 8.Bd2 Bxc3
9.bxc3 exd4 10.cxd4 Nge7 11.Bg2 O-O 12.O-O Rad8 13.f4 Qd6 14.Rb1 b6 15.Rb5 a6
16.Rg5 h6 17.Rg4 Qe6 18.Bc3 Nd5 19.Bb2 Nf6 20.Rg3 Qxa2 21.Qa1 Qxa1 22.Rxa1 Nb4
23.Rb1 a5 24.Ba3 c5 25.Bf3 Nfd5 26.dxc5 Nc3 27.Rxb4 axb4 28.Bxb4 Nd5 29.Ba3 bxc5
30.Bxc5 Rfe8 31.Bd4 g6 32.f5 Kh7 33.fxg6+ fxg6 34.h4 h5 35.Rg5 Nf4 36.Ra5 Ne6
37.Bf6 Rd3 38.Be4 Rf8 39.Rxh5+  1-0

[Event "Sarospatak op"]
[Site "Sarospatak"]
[Date "1996.??.??"]
[Round "?"]
[White "Husek, Zdenek"]
[Black "Mester, Gyula"]
[Result "0-1"]
[WhiteElo "2265"]
[BlackElo "2360"]

1.d4 d5 2.c4 Nc6 3.Nf3 Bg4 4.Bf4 e6 5.e3 Nf6 6.Nc3 Be7 7.Qa4 O-O 8.Ne5 Nxe5
9.dxe5 Nd7 10.cxd5 Nb6 11.Qc2 Nxd5 12.Nxd5 Qxd5 13.f3 Qa5+ 14.Kf2 Bf5 15.e4 Bc5+
16.Kg3 Bg6 17.a3 Bd4 18.b4 Qb6 19.Rc1 c6 20.h4 h5 21.Bd3 Qc7 22.Rhf1 Rad8
23.Qe2 Bxe5 24.Bxe5 Qxe5+ 25.f4 Qd6 26.Rf3 f6 27.Bc4 Bf7 28.Rd3 Qc7 29.Rcd1 g5
30.hxg5 fxg5 31.e5 gxf4+ 32.Kh3 Rxd3+ 33.Bxd3 Be8 34.Rf1 Qg7 35.g4 Bg6 36.gxh5 Bxh5
37.Qg2 Qxg2+ 38.Kxg2 f3+ 39.Kf2 Rd8  0-1

[Event "RUS-Cup1 Chigorin mem"]
[Site "St Petersburg"]
[Date "1996.??.??"]
[Round "2"]
[White "Eliseev, Alexey"]
[Black "Yuferov, Sergey  N"]
[Result "1-0"]
[WhiteElo "2260"]
[BlackElo "2430"]

1.d4 d5 2.c4 Nc6 3.Nf3 Bg4 4.Nc3 Bxf3 5.gxf3 e6 6.cxd5 exd5 7.Bf4 Bd6 8.Bxd6 Qxd6
9.e3 Nf6 10.Qd2 Ne7 11.e4 Nh5 12.Nb5 Qd7 13.Qg5 a6 14.Nc3 g6 15.O-O-O O-O
16.h4 f6 17.Qe3 Rae8 18.Bh3 Qd6 19.Bg4 Nf4 20.h5 g5 21.Qd2 f5 22.exf5 Nxf5
23.Rhe1 Qf6 24.Re5 Rxe5 25.dxe5 Qc6 26.Kb1 Ne7 27.Qe3 b6 28.Ne2 Qa4 29.Rd4 Qb5
30.Nxf4 Qf1+ 31.Kc2 gxf4 32.Rxf4 Rxf4 33.Qxf4 Qe2+ 34.Kc3 d4+ 35.Qxd4 Kf8
36.e6  1-0

[Event "SVK-chT9596"]
[Site "?"]
[Date "1996.??.??"]
[Round "6"]
[White "Likavsky, Tomas"]
[Black "Szamos, Alexander"]
[Result "1-0"]
[WhiteElo "2295"]
[BlackElo "2145"]

1.d4 d5 2.c4 Nc6 3.Nf3 Bg4 4.Qa4 Qd7 5.e3 Bxf3 6.gxf3 e6 7.Nc3 Bb4 8.a3 Bxc3+
9.bxc3 Nf6 10.Rb1 O-O 11.Rxb7 Rab8 12.Rb5 e5 13.Bg2 exd4 14.cxd4 dxc4 15.Qxc4 Rxb5
16.Qxb5 Re8 17.O-O Nxd4 18.Qxd7 Ne2+ 19.Kh1 Nxd7 20.Bd2 Nc5 21.Re1 Nb3 22.Rxe2 Rd8
23.Be1 Rd1 24.Bf1 g6 25.Kg2 Nc1 26.Rc2 Rxe1 27.Rxc7 f5 28.Bc4+ Kh8 29.Rxa7 Ne2
30.Bxe2 Rxe2 31.a4 Ra2 32.a5 Kg8 33.a6 h6 34.h4 g5 35.hxg5 hxg5 36.e4 fxe4
37.fxe4 g4 38.Ra8+ Kg7 39.Kg3 Ra4 40.a7 Kh7 41.e5  1-0

[Event "SWE-chT 9596"]
[Site "?"]
[Date "1996.??.??"]
[Round "?"]
[White "Ornstein, Axel"]
[Black "Ingbrandt, Johan"]
[Result "1-0"]
[WhiteElo "2440"]
[BlackElo "2345"]

1.d4 d5 2.c4 Nc6 3.cxd5 Qxd5 4.e3 e5 5.Nc3 Bb4 6.Bd2 Bxc3 7.bxc3 Nf6 8.c4 Qd6
9.d5 Ne7 10.Qb3 Ne4 11.Bb4 Nc5 12.Qa3 b6 13.Nf3 a5 14.Bxc5 bxc5 15.Qc3 f6
16.Bd3 O-O 17.O-O Bg4 18.Nd2 f5 19.f4 e4 20.Bc2 c6 21.h3 Bh5 22.g4 fxg4 23.Nxe4 Qh6
24.Ng3 Bf7 25.hxg4 cxd5 26.Rf2 Qh3 27.Rg2 dxc4 28.Nf5 Nxf5 29.gxf5 Qh6 30.f6  1-0

[Event "Tampere Elo Taraus op"]
[Site "Tampere"]
[Date "1996.??.??"]
[Round "4"]
[White "Karner, Hillar"]
[Black "Keskisarja, Teemu"]
[Result "1/2-1/2"]
[WhiteElo "2315"]
[BlackElo "2255"]

1.d4 d5 2.c4 Nc6 3.Nc3 dxc4 4.d5 Ne5 5.Bf4 Ng6 6.Bg3 e5 7.Nf3 Bd6 8.h4 Nf6
9.h5 Nf4 10.h6 g6 11.e3 N4xd5 12.Bxe5 Nxc3 13.Bxc3 b5 14.Qd4 Be7 15.Qe5  1/2-1/2

[Event "EU-ch U20 Girls"]
[Site "Tapolca"]
[Date "1996.??.??"]
[Round "8"]
[White "Lomineishvili, Maia"]
[Black "Zhurina, Elizaveta"]
[Result "1-0"]
[WhiteElo "2320"]
[BlackElo "2310"]

1.d4 d5 2.c4 Nc6 3.cxd5 Qxd5 4.e3 e5 5.Nc3 Bb4 6.Bd2 Bxc3 7.bxc3 Nf6 8.f3 Qd6
9.Bd3 O-O 10.Ne2 Be6 11.O-O a6 12.Qc1 Rfe8 13.Be1 b5 14.Bh4 Bc4 15.Bxc4 bxc4
16.Qd2 Ne7 17.e4 Ng6 18.Bf2 Nd7 19.Be3 Ngf8 20.Ng3 Ne6 21.Rad1 Qa3 22.Nf5 Rab8
23.Qe1 g6 24.Nh6+ Kg7 25.Ng4 Qa5 26.dxe5 Ndc5 27.Qh4 h5 28.Qf6+  1-0

[Event "GRE-chT"]
[Site "Thessaloniki"]
[Date "1996.??.??"]
[Round "1"]
[White "Bousios, Hristos"]
[Black "Botsari Miladinovic, Anna Maria"]
[Result "1/2-1/2"]
[WhiteElo "2195"]
[BlackElo "2335"]

1.d4 d5 2.c4 Nc6 3.cxd5 Qxd5 4.e3 e5 5.Nc3 Bb4 6.Bd2 Bxc3 7.bxc3 Nf6 8.c4 Qd6
9.d5 Ne7 10.Qb1 Nd7 11.e4 O-O 12.Nf3 Nc5 13.Bb4 Ng6 14.g3 f5 15.Nd2 f4 16.Qb2 a5
17.Ba3 a4 18.Qc3 b6 19.Be2 Bh3 20.Rg1 fxg3 21.hxg3 Bd7 22.Rh1 Rf6 23.Rh2 Raf8
24.Qe3 Qe7 25.Bh5 Nh8 26.Rb1 Rh6 27.Nf1 Qd6 28.Rb2 Rhf6 29.Kd1 Nf7 30.Bxf7+ R6xf7
31.Nd2 Bg4+ 32.Kc2 Bd7 33.f3 Rf6 34.Rh1 Rg6 35.g4 Qe7 36.Bxc5 bxc5 37.Rb7 Qd6
38.Rhb1 Rh6 39.Rb8 Be8 40.Ra8 Qe7 41.Qg1 c6 42.Rbb8 Rhf6 43.Qb1 Bd7 44.Ra7 Qd6
45.Rxf8+ Rxf8 46.Qb7 Rd8 47.Rxa4 cxd5 48.Ra6 Qe7 49.Qxd5+ Kf8 50.Ra8 Ba4+
51.Kc3 Rxa8 52.Qxa8+ Be8 53.a4 Qd7 54.a5 Qd4+ 55.Kc2 Ke7 56.Qb7+ Kf8 57.Qb3 Qa1
58.Qc3 Qa2+ 59.Kd3 Bf7 60.Ke3 h6  1/2-1/2

[Event "Toronto"]
[Site "Toronto"]
[Date "1996.??.??"]
[Round "1"]
[White "Peckford, William"]
[Black "Jung, Hans Rudolf"]
[Result "1/2-1/2"]
[WhiteElo "2285"]
[BlackElo "2230"]

1.d4 d5 2.c4 Nc6 3.e3 dxc4 4.Bxc4 e5 5.d5 Na5 6.Qa4+ c6 7.dxc6 Nxc6 8.Nf3 Bb4+
9.Bd2 Bd6 10.Nc3 Nf6 11.Ng5 O-O 12.Nge4 Nxe4 13.Nxe4 Be7 14.Bc3 Bd7 15.O-O Qc7
16.Qd1 Bf5 17.Ng3 Rad8 18.Qe2 Bg6 19.Rac1 Qb6 20.Rfd1 Kh8 21.Rxd8 Bxd8 22.Bd5 f5
23.Rd1 Bc7 24.h4 e4 25.h5 Be8 26.h6 Ne5 27.hxg7+ Kxg7 28.Nh5+ Kh6 29.Nf4 Ng4
30.Bd4 Qd6 31.Bxe4 Qe7 32.Qf3 Qxe4 33.Qh3+ Kg5 34.f3  1/2-1/2

[Event "CAN-ch"]
[Site "Toronto"]
[Date "1996.??.??"]
[Round "3"]
[White "Taylor, Gordon"]
[Black "Teodoro, Eduardo"]
[Result "1/2-1/2"]
[WhiteElo "2340"]
[BlackElo "2290"]

1.d4 d5 2.c4 Nc6 3.Nf3 Nf6 4.Nc3 e6 5.Bg5 Be7 6.e3 O-O 7.Rc1 a6 8.c5 Ne4
9.Bxe7 Qxe7 10.Bd3 Nxc3 11.Rxc3 e5 12.Nxe5 Nxe5 13.dxe5 Qxe5 14.O-O Be6 15.Be2 Bf5
16.Bd3 Be4 17.Qb3 Rab8 18.Rd1 Rfd8 19.Rcc1 Bxd3 20.Rxd3 c6 21.Rcd1 Re8 22.Rd4  1/2-1/2

[Event "Toronto"]
[Site "Toronto"]
[Date "1996.??.??"]
[Round "3"]
[White "Nickoloff, Bryon"]
[Black "Jung, Hans Rudolf"]
[Result "1/2-1/2"]
[WhiteElo "2410"]
[BlackElo "2230"]

1.d4 d5 2.c4 Nc6 3.Nf3 Bg4 4.Nc3 e6 5.e3 Nf6 6.Qb3 Bxf3 7.gxf3 Qd7 8.cxd5 Nxd5
9.Qxb7 Rb8 10.Qa6 Bb4 11.Bd2 O-O 12.Rc1 Rb6 13.Qc4 Na5 14.Qd3 Rc6 15.e4 Bxc3
16.bxc3 Nb6 17.Rg1 Kh8 18.Qb5 Nac4 19.Rxg7 e5 20.Bxc4 Nxc4 21.Rg3 Nxd2 22.d5 Nxf3+
23.Rxf3 Qg4 24.Qe2 Rb6 25.Rc2 Rb1+ 26.Kd2 Qg1 27.Kd3 Re1 28.Rg3 Qh1 29.Qg4 Qf1+
30.Re2 Qxe2+ 31.Qxe2 Rxe2 32.Kxe2 Rb8 33.c4 Rb2+ 34.Kf1 Rxa2 35.Rb3 Rc2 36.Rb4 Kg7
37.Ra4 Kf6 38.Kg2 a5 39.Kg3 Ke7 40.f3 f5 41.h4 fxe4 42.fxe4 h5 43.Kf3 Rc3+
44.Ke2 Rh3 45.Rxa5 Rxh4 46.Kf3 Rh3+ 47.Kf2 Rc3 48.Ra6 Rxc4 49.Re6+ Kd7 50.Rxe5 Kd6
51.Re6+ Kd7 52.Kf3 c6 53.Re5 h4 54.Rh5 cxd5 55.Rxd5+ Ke6 56.Rh5 Rc3+ 57.Kf4 h3
58.Rh6+ Kf7 59.Kg4 Re3 60.Rxh3 Rxe4+  1/2-1/2

[Event "CAN-ch"]
[Site "Toronto"]
[Date "1996.??.??"]
[Round "11"]
[White "Baragar, Fletcher"]
[Black "Jung, Hans Rudolf"]
[Result "1-0"]
[WhiteElo "2305"]
[BlackElo "2215"]

1.d4 d5 2.c4 Nc6 3.cxd5 Qxd5 4.e3 e5 5.Nc3 Bb4 6.Bd2 Bxc3 7.bxc3 exd4 8.cxd4 Nf6
9.Ne2 Bg4 10.f3 Bd7 11.Nf4 Qd6 12.Be2 g5 13.Nd3 g4 14.Nc5 Bc8 15.Qa4 O-O
16.fxg4 b6 17.Bf3 Nd5 18.Ne4 Qg6 19.g5 Bb7 20.O-O a6 21.Rac1 Nce7 22.Nf6+ Kh8
23.e4 Nxf6 24.gxf6 Ng8 25.e5 Bxf3 26.Rxf3 Qe4 27.Rxc7 Rad8 28.Rd7 b5 29.Qb4 Rxd7
30.Qxf8 Qxd4+ 31.Re3 Qg4 32.h3 Qg6 33.Be1 Rd1 34.Kh2  1-0

[Event "CRO-chT"]
[Site "Tucepi"]
[Date "1996.??.??"]
[Round "?"]
[White "Sale, Srdjan"]
[Black "Bukal, Vladimir Jr"]
[Result "1/2-1/2"]
[WhiteElo "2440"]
[BlackElo "2340"]

1.d4 d5 2.c4 Nc6 3.Nf3 Bg4 4.Nc3 e6 5.e3 Bb4 6.h3 Bh5 7.a3 Bxc3+ 8.bxc3 Nf6
9.cxd5 exd5 10.Bb5 O-O 11.g4 Bg6 12.Bxc6 bxc6 13.Ne5 Ne4 14.h4 h6 15.f3 Nd6
16.Qa4 Nb5 17.Kf2 Qd6 18.Qb4 a5 19.Qxd6 cxd6 20.Nxc6 Rfe8 21.Bd2 Ra6 22.Nxa5 Rxa5
23.c4 Rxa3 24.cxb5 Rb3 25.Ra6 Bd3 26.Rha1 Rxb5 27.Rxd6 Rb2 28.Ke1 Bc4 29.Rd7 Reb8
30.Raa7 Rb1+ 31.Kf2 R1b2 32.Rxf7 Rxd2+ 33.Kg3 g5 34.Rg7+ Kf8 35.hxg5 hxg5
36.Rxg5 Re2 37.Rh5 Kg8 38.Re5 Re1 39.Ree7 Rh1 40.Rac7 Bf1 41.Rg7+ Kh8 42.Rgf7 Rh3+
43.Kf2 Rh2+ 44.Kg3 Rh3+  1/2-1/2

[Event "CRO-chT2"]
[Site "Tucepi"]
[Date "1996.??.??"]
[Round "?"]
[White "Bozinovic, Bogdan"]
[Black "Susak, Zeljko"]
[Result "1-0"]
[WhiteElo "2265"]
[BlackElo "2235"]

1.d4 d5 2.c4 Nc6 3.e3 e5 4.dxe5 d4 5.exd4 Qxd4 6.Nc3 Bb4 7.Bd2 Bg4 8.f3 Be6
9.f4 Bc5 10.Qe2 Bg4 11.Nf3 Bxf3 12.Qxf3 O-O-O 13.O-O-O Nge7 14.Be2 g6 15.Nb5 Qf2
16.Qe4 Rxd2 17.Kxd2 Be3+ 18.Qxe3 Rd8+ 19.Nd6+  1-0

[Event "CRO-chT2"]
[Site "Tucepi"]
[Date "1996.??.??"]
[Round "?"]
[White "Susnjar, Miroslav"]
[Black "Susak, Zeljko"]
[Result "1/2-1/2"]
[WhiteElo "2285"]
[BlackElo "2235"]

1.d4 d5 2.c4 Nc6 3.Nf3 Bg4 4.cxd5 Bxf3 5.gxf3 Qxd5 6.e3 e5 7.Nc3 Bb4 8.Bd2 Bxc3
9.bxc3 Qd6 10.Rb1 Rb8 11.Rg1 Nge7 12.h4 O-O 13.f4 exf4 14.e4 Qe6 15.Bd3 f5
16.Qe2 Qh6 17.e5 Qxh4 18.Qf3 Ng6 19.Bc4+ Rf7 20.Rxg6 hxg6 21.Bxf4 Qd8 22.Qd5 Qxd5
23.Bxd5 Nd8 24.Kd2 Kf8 25.Bxf7 Kxf7 26.d5 b6 27.c4 Nb7 28.Be3 Na5 29.Kd3 Rh8
30.Rg1 Rh4 31.e6+ Ke8 32.Rxg6 Nxc4 33.Rxg7 f4 34.Bd2 Nd6 35.Rxc7 Rh3+ 36.Ke2 f3+
37.Kd3 Rh5 38.Rxa7 Rxd5+ 39.Kc2 Re5 40.e7 Rxe7 41.Rxe7+ Kxe7 42.Bb4 Ke6 43.Bxd6 Kxd6  1/2-1/2

[Event "Turin op"]
[Site "Turin"]
[Date "1996.??.??"]
[Round "7"]
[White "Costantino, Giampaolo"]
[Black "Skembris, Spyridon"]
[Result "0-1"]
[WhiteElo "2165"]
[BlackElo "2420"]

1.d4 d5 2.c4 Nc6 3.Nc3 dxc4 4.d5 Ne5 5.Bf4 Ng6 6.Bg3 e5 7.e4 a6 8.Nf3 Bd6
9.Bxc4 Nf6 10.O-O h5 11.Nh4 Ng4 12.Nxg6 fxg6 13.h3 h4 14.Bh2 Nf6 15.f4 Qe7
16.Qd2 Bd7 17.Rad1 O-O-O 18.fxe5 Bxe5 19.Bxe5 Qxe5 20.Qf4 Qxf4 21.Rxf4 g5
22.Rf2 Rhe8 23.Re1 Re5 24.Bd3 c6 25.dxc6 Bxc6 26.Bc2 Rde8 27.Rfe2 Kc7 28.Nd1 g4
29.hxg4 Nxg4 30.Nf2 Nxf2 31.Kxf2 Rg5 32.Re3 Rd8 33.Rd3 Rxd3 34.Bxd3 Kd6 35.Be2 Bxe4
36.Bf3 Bxf3 37.Kxf3 Rf5+ 38.Kg4 Rf2 39.Kxh4 Rxg2 40.Rd1+ Kc6 41.Rb1 Kb5 42.Kh3 Rd2
43.Kg3 Kc4 44.Kf4 Kd3 45.Ke5 g5 46.a4 Kc2 47.Rg1 Kb3 48.a5 Rxb2  0-1

[Event "CZE-ch (Women)"]
[Site "Usti nad Labem"]
[Date "1996.??.??"]
[Round "3"]
[White "Mackova, Eva"]
[Black "Jackova, Jana"]
[Result "1/2-1/2"]
[WhiteElo "2175"]
[BlackElo "2210"]

1.d4 d5 2.c4 Nc6 3.Nc3 dxc4 4.d5 Ne5 5.f4 Ng4 6.h3 N4f6 7.e4 e6 8.Nf3 exd5
9.e5 Nd7 10.Qxd5 Ne7 11.Qxc4 Nb6 12.Qd4 Be6 13.Bd3 Qxd4 14.Nxd4 O-O-O 15.Nxe6 Rxd3
16.Nc5 Rd8 17.N5e4 Ned5 18.Nxd5 Rxd5 19.Ke2 Bc5 20.Bd2 Rhd8 21.Bc3 Bd4 22.Rac1 Kb8
23.g3 Na4 24.Rc2 Bxc3 25.bxc3 Nc5 26.Nxc5 Rxc5 27.Rd1 Rxd1 28.Kxd1 Kc8 29.Ke2 Kd7
30.Ke3 Rd5 31.Ke4 Rd1 32.Re2 Rc1 33.Kd4 Rg1 34.Re3 Rg2 35.a3 Ke6 36.Ke4 Rd2
37.f5+ Ke7 38.g4 h6 39.Rf3 Re2+ 40.Kd4 Rh2 41.Rd3 Rh1 42.Kd5  1/2-1/2

[Event "Vantaa We op2"]
[Site "Vantaa"]
[Date "1996.??.??"]
[Round "4"]
[White "Taivainen, Jukka"]
[Black "Keskisarja, Teemu"]
[Result "0-1"]
[WhiteElo "2270"]
[BlackElo "2255"]

1.d4 d5 2.c4 Nc6 3.Nc3 dxc4 4.d5 Ne5 5.Bf4 Ng6 6.Bg3 e5 7.e4 Nf6 8.Bxc4 Bd6
9.Nge2 O-O 10.Qd2 a6 11.f3 Nh5 12.Bf2 Nhf4 13.g3 Nxe2 14.Bxe2 Qe7 15.h4 Bc5
16.h5 Bxf2+ 17.Kxf2 Qc5+ 18.Qe3 Qxe3+ 19.Kxe3 Ne7 20.g4 Bd7 21.Rac1 Nc8 22.Rhd1 Nd6
23.Nb1 Rac8 24.Rc2 g6 25.h6 f6 26.b3 a5 27.a4 Kf7 28.Rc5 b6 29.Rc2 Ke7 30.Rdc1 Kd8
31.Na3 f5 32.gxf5 gxf5 33.Ba6 Ra8 34.Bd3 f4+ 35.Kf2 Nb7 36.Rxc7 Nc5 37.R7xc5 bxc5
38.Rxc5 Rf6 39.Bb5 Bxb5 40.Rxb5 Rxh6 41.Nc4 Rh2+ 42.Kf1 Rc2 43.Rb7 h5 44.Rh7 Rb8
45.Rh8+ Kc7 46.d6+ Kb7 47.Nxa5+  0-1

[Event "Vendrell op"]
[Site "Vendrell"]
[Date "1996.??.??"]
[Round "4"]
[White "Giorgadze, Giorgi"]
[Black "Narciso Dublan, Marc"]
[Result "1-0"]
[WhiteElo "2590"]
[BlackElo "2440"]

1.d4 d5 2.c4 Nc6 3.cxd5 Qxd5 4.e3 e5 5.Nc3 Bb4 6.Bd2 Bxc3 7.bxc3 Nf6 8.f3 Qd6
9.Bd3 O-O 10.Ne2 Re8 11.O-O b6 12.Qc1 Bb7 13.Be1 Rad8 14.Bh4 Qe6 15.Qc2 exd4
16.exd4 Qe3+ 17.Kh1 Qh6 18.Bxf6 Qxf6 19.Bxh7+ Kh8 20.Be4 g6 21.Qd2 Kg7 22.Qf4 Qxf4
23.Nxf4 Na5 24.Rfe1 Ba6 25.Kg1 Bc4 26.Kf2 c5 27.Red1 cxd4 28.Rxd4 Rxd4 29.cxd4 Rd8
30.d5 Kf6 31.h4 Ke5 32.Re1 Kf6 33.a3 Nb3 34.g4 Nc5 35.g5+ Ke5 36.Kg3 Kd6
37.Bc2  1-0